Statistics for Valorant Champion Tour: All Teams/Players (Updated April 3 2024)

Click here to take the quiz!

General Stats

  • This quiz has been taken 208 times
    (106 since last reset)
  • The average score is 93 of 244

Answer Stats

HintAnswer% Correct
SentinelsTenZ
100%
Sentinelsjohnqt
97%
SentinelsSacy
95%
Sentinelszekken
95%
SentinelsZellsis
95%
FNATICBoaster
90%
Paper RexJinggg
90%
Paper Rexsomething
90%
Paper RexMonyet
87%
Paper Rexmindfreak
85%
Team HereticsBoo
82%
NRGDemon1
82%
FNATICDerke
82%
Paper Rexf0rsaken
82%
FNATICAlfajer
79%
Paper Rexd4v41
79%
FNATICLeo
79%
NRGEthan
77%
NRGMarved
77%
Team HereticsMiniBoo
77%
LOUDQuick
77%
Leviatanaspas
74%
Evil Geniusesjawgemo
74%
Cloud9OXY
74%
LOUDsaadhak
74%
NRGVictor
74%
FNATICChronicle
72%
NRGcrashies
72%
Sentinelscurry
72%
LOUDLess
72%
LOUDtuyz
72%
Team LiquidJamppi
69%
Natus VincereANGE1
67%
Team Hereticsbenjyfishy
67%
100 ThievesBoostio
67%
LOUDcauanzin
67%
DRXMaKo
67%
Karmine CorpN4RRATE
67%
Leviatantex
67%
100 ThievesCryocells
64%
Karmine Corpmarteen
64%
Team LiquidMistic
64%
Team VitalitySayf
64%
Natus VincereSUYGETSU
64%
EDward GamingZmjjKK
64%
Natus VincereZyppan
64%
100 ThievesAsuna
62%
FUT EsportscNed
62%
Evil GeniusesDerrek
59%
Team LiquidEnzo
59%
DRXFoxy9
59%
Karmine CorpMAGNUM
59%
DRXstax
59%
Gen.Gt3xture
59%
Karmine Corptomaszy
59%
Cloud9Xeppaa
59%
BLEEDyay
59%
FUT EsportsAtaKaptan
56%
Talon Esportsban
56%
EDward GamingCHICHOO
56%
LeviatankiNgg
56%
Gen.GLakia
56%
Gen.GMeteor
56%
Team HereticspaTiTek
56%
Team HereticsRieNs
56%
Karmine Corpsh1n
56%
Natus VincereShao
56%
Evil Geniusessupamen
56%
T1xccurate
56%
Natus Vincereardiis
54%
100 Thievesbang
54%
Global EsportsBenkai
54%
EDward GamingHaodong
54%
Gen.GKaron
54%
KRUkeznit
54%
Team LiquidnAts
54%
Evil GeniusesNaturE
54%
EDward Gamingnobody
54%
DRXBuZz
51%
Leviatanc0m
51%
Gen.GMunchkin
51%
Team VitalityrunneR
51%
BLEEDsScary
51%
Cloud9vanity
51%
BLEEDZest
51%
GiantXRedgar
49%
Cloud9runi
49%
Global EsportsRuss
49%
KRUShyy
49%
G2trent
49%
Team Hereticswo0t
49%
Evil GeniusesApoth
46%
T1Carpe
46%
Titan Esports ClubRb
46%
T1Rossy
46%
T1Sayaplayer
46%
EDward GamingSmoggy
46%
G2valyn
46%
ZETA DIVISIONDep
44%
100 Thieveseeiu
44%
G2JonahP
44%
ZETA DIVISIONLaz
44%
G2leaf
44%
Global EsportsLightningfast
44%
LeviatanMazino
44%
Cloud9moose
44%
FURIAmwzera
44%
KOIsheydos
44%
ZETA DIVISIONSugarZ3ro
44%
Team SecretJessieVash
41%
Team LiquidKeiko
41%
Team VitalityKicks
41%
Gentle MateslogaN
41%
MiBRmazin
41%
Gentle MatesnataNk
41%
KOIstarxo
41%
FunPlus PhoenixAutumn
38%
DRXBeYN
38%
Team VitalityceNder
38%
GiantXFit1nho
38%
DRXFlashback
38%
Talon EsportsGovernor
38%
FURIAhavoc
38%
KRUheat
38%
FunPlus PhoenixLife
38%
G2neT
38%
Global EsportsPolvi
38%
KOIShadoW
38%
Team Vitalitytrexx
38%
DetonatioN FocusMeAnthem
36%
Talon EsportsCrws
36%
Team VitalityDestrian
36%
GiantXhoody
36%
Rex Regum QeonJemkin
36%
FURIAKhalil
36%
KRUKlaus
36%
DetonatioN FocusMeMeiy
36%
BBL EsportsBrave
33%
GiantXCloud
33%
T1iZu
33%
FUT EsportsMrFaliN
33%
Gentle MatesTakaS
33%
FUT Esportsyetujey
33%
Global EsportsblaZek1ng
31%
MiBRfrz
31%
KOIgrubinho
31%
Talon EsportsJitBoyS
31%
Team SecretJremy
31%
BBL EsportsQutionerX
31%
Bilibili Gamingwhzy
31%
FunPlus PhoenixBerLin
28%
Gentle MatesbeyAz
28%
FURIAkon4n
28%
DetonatioN FocusMeMedusa
28%
KRUMelser
28%
FUT EsportsqRaxs
28%
Gentle MatesWailers
28%
FunPlus PhoenixAAAAY
26%
BLEEDDeryeon
26%
ZETA DIVISIONhiroronn
26%
MiBRjzz
26%
KOIkamo
26%
Bilibili GamingKnight
26%
BBL EsportspAura
26%
BLEEDRetla
26%
MiBRRgLMeister
26%
ZETA DIVISIONyuran
26%
MiBRartzin
23%
Bilibili GamingBiank
23%
Team SecretNDG
23%
Rex Regum Qeonxffero
23%
Rex Regum Qeonfl1pzjder
21%
Dragon Ranger Gamingvo0kashu
21%
Team SecretBORKUM
18%
Rex Regum QeonEstrella
18%
Team Secretinvy
18%
Talon Esportslenne
18%
FURIAnzr
18%
BBL Esportsreazy
18%
BBL EsportsElite
15%
Rex Regum QeonLmemore
15%
KRUmta
15%
DetonatioN FocusMeneth
15%
Talon EsportsSurf
15%
Bilibili Gamingyosemite
15%
TylooAAK
13%
Bilibili GamingB3ar
13%
FunPlus PhoenixLysoar
13%
EDward GamingMuggle
13%
Dragon Ranger GamingnizhaoTZH
13%
Nova Esportso0o0o
13%
Wolves EsportsSpring
13%
DetonatioN FocusMeSSeeS
13%
Trace EsportsXYG
13%
Trace EsportsYOU
13%
Trace EsportsFengF
10%
JD GamingMarT1n
10%
Wolves Esportscoldfish
8%
Nova EsportsGuanG
8%
TylooICEKING
8%
Titan Esports Clubkawaii
8%
Nova EsportsOBONE
8%
Rex Regum Qeon2ge
5%
Titan Esports ClubAbo
5%
Titan Esports ClubAC
5%
Nova EsportsCB
5%
TylooFlex1n
5%
Trace EsportsKai
5%
Trace EsportsLuoK1ng
5%
All Gamersmonk
5%
Wolves Esportspl1xx
5%
DetonatioN FocusMepopogachi
5%
JD Gamingstew
5%
Dragon Ranger GamingTvirusLuke
5%
Wolves EsportsYuicaw
5%
All Gamersbunt
3%
TylooEren
3%
Tyloohfmi0dzjc9z7
3%
JD Gamingjkuro
3%
Dragon Ranger GamingNicc
3%
Titan Esports ClubQiuYe
3%
Dragon Ranger GamingShion7
3%
All Gamerssword9
3%
JD GamingViva
3%
Wolves Esportsalulba
0%
Titan Esports ClubB1ack
0%
Trace Esportscxyy
0%
Wolves EsportsCyah
0%
All GamersdeLb
0%
Dragon Ranger GamingDingwei
0%
Trace EsportsHeiB
0%
BBL Esportslauress
0%
Titan Esports ClubLockM
0%
TylooNinebody
0%
Nova EsportsPangH
0%
Titan Esports Clubshameless
0%
Tylooslowly
0%
All GamersSpitfires
0%
Nova EsportsSWERL
0%
Wolves EsportsV1ya
0%
All GamersX3B
0%
JD GamingYHchen
0%
JD GamingYihao
0%
FunPlus PhoenixZiXuan
0%

Score Distribution

Percentile by Number Answered

Percent of People with Each Score

Your Score History

You have not taken this quiz since the last reset